[Event "ODJM C 2024"]
[Site "Willingen GER"]
[Date "2024.05.19"]
[Round "1"]
[White "Wilting, Oskar"]
[Black "Knaudt, Anna"]
[Result "1-0"]
[Termination "normal"]
[Board "8"]
[WhiteElo "1503"]
[BlackElo "1330"]
[WhiteClock "01:34:17"]
[BlackClock "00:26:56"]
[PlyCount "141"]
[WhiteFideId "34640053"]
[BlackFideId "533001910"]
[EventCountry "GER"]
[EventRounds "9"]
[EventType "swiss"]
[EventDate "2024.05.18"]

1. d4 {[%clk 01:30:57]} {[%emt 00:00:02]} d5 {[%clk 01:30:54]} {[%emt
00:00:07]} 2. Nc3 {[%clk 01:31:19]} {[%emt 00:00:07]} Nf6 {[%clk 01:31:17]}
{[%emt 00:00:07]} 3. Bf4 {[%clk 01:31:39]} {[%emt 00:00:09]} Nc6 {[%clk
01:31:19]} {[%emt 00:00:30]} 4. Nb5 {[%clk 01:31:56]} {[%emt 00:00:12]} e5
{[%clk 01:28:49]} {[%emt 00:03:00]} 5. dxe5 {[%clk 01:32:05]} {[%emt 00:00:21]}
Nh5 {[%clk 01:28:36]} {[%emt 00:00:43]} 6. Qd2 {[%clk 01:30:47]} {[%emt
00:01:48]} a6 {[%clk 01:22:18]} {[%emt 00:06:49]} 7. Nc3 {[%clk 01:27:34]}
{[%emt 00:03:41]} Bb4 {[%clk 01:19:31]} {[%emt 00:03:19]} 8. a3 {[%clk
01:24:29]} {[%emt 00:03:35]} Bxc3 {[%clk 01:15:27]} {[%emt 00:04:33]} 9. bxc3
{[%clk 01:23:38]} {[%emt 00:01:22]} Nxf4 {[%clk 01:14:50]} {[%emt 00:01:07]}
10. Qxf4 {[%clk 01:23:32]} {[%emt 00:00:34]} Be6 {[%clk 01:10:53]} {[%emt
00:04:28]} 11. Nf3 {[%clk 01:21:44]} {[%emt 00:02:18]} O-O {[%clk 01:10:25]}
{[%emt 00:00:58]} 12. e3 {[%clk 01:19:54]} {[%emt 00:02:21]} f6 {[%clk
01:07:38]} {[%emt 00:03:17]} 13. exf6 {[%clk 01:18:50]} {[%emt 00:01:34]} Rxf6
{[%clk 01:07:54]} {[%emt 00:00:14]} 14. Qh4 {[%clk 01:17:17]} {[%emt 00:02:02]}
Qf8 {[%clk 00:57:45]} {[%emt 00:10:38]} 15. Ng5 {[%clk 01:16:23]} {[%emt
00:01:25]} Rh6 {[%clk 00:57:36]} {[%emt 00:00:39]} 16. Qg3 {[%clk 01:15:47]}
{[%emt 00:01:06]} Qf6 {[%clk 00:52:13]} {[%emt 00:05:54]} 17. e4 {[%clk
01:13:48]} {[%emt 00:02:29]} Rg6 {[%clk 00:47:57]} {[%emt 00:04:46]} 18. f4
{[%clk 01:12:28]} {[%emt 00:01:50]} h6 {[%clk 00:38:58]} {[%emt 00:09:29]} 19.
e5 {[%clk 01:12:31]} {[%emt 00:00:26]} Nxe5 {[%clk 00:31:26]} {[%emt 00:08:02]}
20. fxe5 {[%clk 01:12:38]} {[%emt 00:00:23]} Qxg5 {[%clk 00:30:28]} {[%emt
00:01:29]} 21. Bd3 {[%clk 01:10:32]} {[%emt 00:02:36]} Qxg3+ {[%clk 00:30:35]}
{[%emt 00:00:23]} 22. hxg3 {[%clk 01:10:47]} {[%emt 00:00:15]} Rxg3 {[%clk
00:30:50]} {[%emt 00:00:15]} 23. O-O {[%clk 01:10:52]} {[%emt 00:00:24]} Re8
{[%clk 00:25:41]} {[%emt 00:05:39]} 24. Rab1 {[%clk 01:10:17]} {[%emt
00:01:05]} b5 {[%clk 00:25:24]} {[%emt 00:00:48]} 25. a4 {[%clk 01:09:28]}
{[%emt 00:01:19]} c6 {[%clk 00:25:12]} {[%emt 00:00:42]} 26. axb5 {[%clk
01:09:30]} {[%emt 00:00:27]} axb5 {[%clk 00:25:28]} {[%emt 00:00:14]} 27. Kh2
{[%clk 01:09:18]} {[%emt 00:00:42]} Rg5 {[%clk 00:25:04]} {[%emt 00:00:54]} 28.
Ra1 {[%clk 01:08:13]} {[%emt 00:01:36]} Rxe5 {[%clk 00:24:03]} {[%emt
00:01:30]} 29. Ra6 {[%clk 01:08:25]} {[%emt 00:00:18]} Bd7 {[%clk 00:23:46]}
{[%emt 00:00:47]} 30. Ra7 {[%clk 01:08:12]} {[%emt 00:00:43]} R8e7 {[%clk
00:21:45]} {[%emt 00:02:32]} 31. Ra8+ {[%clk 01:07:51]} {[%emt 00:00:51]} Be8
{[%clk 00:19:34]} {[%emt 00:02:41]} 32. Rc8 {[%clk 01:07:50]} {[%emt 00:00:30]}
Rh5+ {[%clk 00:15:46]} {[%emt 00:04:17]} 33. Kg3 {[%clk 01:07:50]} {[%emt
00:00:30]} Rg5+ {[%clk 00:15:35]} {[%emt 00:00:42]} 34. Kh2 {[%clk 01:07:50]}
{[%emt 00:00:29]} Rge5 {[%clk 00:13:30]} {[%emt 00:02:36]} 35. Bg6 {[%clk
01:06:57]} {[%emt 00:01:23]} R5e6 {[%clk 00:13:03]} {[%emt 00:00:58]} 36. Bh5
{[%clk 01:04:42]} {[%emt 00:02:44]} Kh7 {[%clk 00:11:41]} {[%emt 00:01:52]} 37.
Bg4 {[%clk 01:04:34]} {[%emt 00:00:37]} Rd6 {[%clk 00:08:57]} {[%emt 00:03:16]}
38. Rf8 {[%clk 01:03:06]} {[%emt 00:01:58]} Bd7 {[%clk 00:05:13]} {[%emt
00:04:13]} 39. Rc7 {[%clk 01:01:30]} {[%emt 00:02:07]} Re8 {[%clk 00:00:44]}
{[%emt 00:04:59]} 40. Rxd7 {[%clk 01:01:30]} {[%emt 00:00:30]} Rxf8 {[%clk
00:00:45]} {[%emt 00:00:28]} 41. Rxd6 {[%clk 01:01:49]} {[%emt 00:00:11]} Rf2
{[%clk 00:00:48]} {[%emt 00:00:27]} 42. Rxc6 {[%clk 01:01:51]} {[%emt
00:00:28]} Rd2 {[%clk 00:00:52]} {[%emt 00:00:26]} 43. Rc5 {[%clk 01:01:23]}
{[%emt 00:00:58]} d4 {[%clk 00:00:38]} {[%emt 00:00:45]} 44. cxd4 {[%clk
01:00:29]} {[%emt 00:01:23]} Rxd4 {[%clk 00:00:56]} {[%emt 00:00:13]} 45. Bf5+
{[%clk 01:00:39]} {[%emt 00:00:20]} Kg8 {[%clk 00:01:19]} {[%emt 00:00:07]} 46.
Rc7 {[%clk 00:59:53]} {[%emt 00:01:15]} Rc4 {[%clk 00:00:33]} {[%emt 00:01:16]}
47. Rxc4 {[%clk 00:59:48]} {[%emt 00:00:35]} bxc4 {[%clk 00:00:43]} {[%emt
00:00:20]} 48. Be6+ {[%clk 01:00:12]} {[%emt 00:00:06]} Kf8 {[%clk 00:00:57]}
{[%emt 00:00:16]} 49. Bxc4 {[%clk 01:00:28]} {[%emt 00:00:14]} Ke7 {[%clk
00:01:08]} {[%emt 00:00:20]} 50. Bb5 {[%clk 01:00:38]} {[%emt 00:00:19]} Kd6
{[%clk 00:01:12]} {[%emt 00:00:26]} 51. c4 {[%clk 01:00:56]} {[%emt 00:00:12]}
Kc5 {[%clk 00:00:38]} {[%emt 00:01:04]} 52. Kh3 {[%clk 01:01:02]} {[%emt
00:00:24]} Kd6 {[%clk 00:00:43]} {[%emt 00:00:26]} 53. Kh4 {[%clk 01:01:19]}
{[%emt 00:00:12]} Ke7 {[%clk 00:30:28]} {[%emt 00:00:45]} 54. c5 {[%clk
01:31:38]} {[%emt 00:00:11]} g6 {[%clk 00:30:29]} {[%emt 00:00:30]} 55. Kg4
{[%clk 01:31:42]} {[%emt 00:00:25]} Kd8 {[%clk 00:30:08]} {[%emt 00:00:52]} 56.
Kf4 {[%clk 01:31:49]} {[%emt 00:00:22]} Ke7 {[%clk 00:30:02]} {[%emt 00:00:37]}
57. Ke5 {[%clk 01:31:59]} {[%emt 00:00:20]} h5 {[%clk 00:30:08]} {[%emt
00:00:24]} 58. c6 {[%clk 01:31:57]} {[%emt 00:00:31]} Kd8 {[%clk 00:29:16]}
{[%emt 00:01:22]} 59. Kf6 {[%clk 01:32:08]} {[%emt 00:00:18]} Kc7 {[%clk
00:29:18]} {[%emt 00:00:29]} 60. Kxg6 {[%clk 01:32:28]} {[%emt 00:00:10]} h4
{[%clk 00:29:37]} {[%emt 00:00:12]} 61. Kg5 {[%clk 01:32:37]} {[%emt 00:00:18]}
Kb6 {[%clk 00:28:35]} {[%emt 00:01:35]} 62. Kxh4 {[%clk 01:32:51]} {[%emt
00:00:16]} Kc7 {[%clk 00:27:20]} {[%emt 00:01:45]} 63. g4 {[%clk 01:33:09]}
{[%emt 00:00:11]} Kb6 {[%clk 00:27:32]} {[%emt 00:00:19]} 64. g5 {[%clk
01:33:24]} {[%emt 00:00:14]} Kc7 {[%clk 00:26:00]} {[%emt 00:02:03]} 65. g6
{[%clk 01:33:43]} {[%emt 00:00:10]} Kb6 {[%clk 00:26:29]} {[%emt 00:00:02]} 66.
g7 {[%clk 01:34:04]} {[%emt 00:00:08]} Ka7 {[%clk 00:26:22]} {[%emt 00:00:38]}
67. g8=Q {[%clk 01:34:15]} {[%emt 00:00:19]} Kb6 {[%clk 00:26:48]} {[%emt
00:00:04]} 68. Qb8+ {[%clk 01:34:33]} {[%emt 00:00:11]} Ka5 {[%clk 00:26:47]}
{[%emt 00:00:32]} 69. Ba4 {[%clk 01:34:13]} {[%emt 00:00:49]} Ka6 {[%clk
00:26:34]} {[%emt 00:00:44]} 70. Qb5+ {[%clk 01:34:26]} {[%emt 00:00:16]} Ka7
{[%clk 00:26:56]} {[%emt 00:00:08]} 71. Qb7# {[%clk 01:34:17]} {[%emt
00:00:10]} 1-0

[Event "ODJM C 2024"]
[Site "Willingen GER"]
[Date "2024.05.19"]
[Round "1"]
[White "Claussen, Daniela"]
[Black "Winklmann, Alexander"]
[Result "0-1"]
[Termination "normal"]
[Board "9"]
[WhiteElo "1436"]
[BlackElo "1075"]
[WhiteClock "00:45:36"]
[BlackClock "00:50:42"]
[PlyCount "82"]
[WhiteFideId "16248929"]
[BlackFideId "533001979"]
[EventCountry "GER"]
[EventRounds "9"]
[EventType "swiss"]
[EventDate "2024.05.18"]

1. b3 {[%clk 01:30:59]} {[%emt 00:00:01]} d5 {[%clk 01:30:51]} {[%emt
00:00:09]} 2. Bb2 {[%clk 01:31:15]} {[%emt 00:00:14]} Nf6 {[%clk 01:31:09]}
{[%emt 00:00:12]} 3. e3 {[%clk 01:31:29]} {[%emt 00:00:16]} Bf5 {[%clk
01:31:16]} {[%emt 00:00:23]} 4. f4 {[%clk 01:31:31]} {[%emt 00:00:28]} e6
{[%clk 01:31:28]} {[%emt 00:00:18]} 5. Nf3 {[%clk 01:31:22]} {[%emt 00:00:38]}
Be7 {[%clk 01:31:06]} {[%emt 00:00:52]} 6. Be2 {[%clk 01:30:39]} {[%emt
00:01:13]} O-O {[%clk 01:31:11]} {[%emt 00:00:26]} 7. O-O {[%clk 01:30:42]}
{[%emt 00:00:27]} c5 {[%clk 01:31:28]} {[%emt 00:00:12]} 8. Ne5 {[%clk
01:30:08]} {[%emt 00:01:04]} Nbd7 {[%clk 01:30:57]} {[%emt 00:01:02]} 9. d3
{[%clk 01:29:09]} {[%emt 00:01:29]} b5 {[%clk 01:29:01]} {[%emt 00:02:24]} 10.
Nc6 {[%clk 01:28:22]} {[%emt 00:01:19]} Qe8 {[%clk 01:25:36]} {[%emt 00:03:52]}
11. Nd2 {[%clk 01:27:23]} {[%emt 00:01:31]} Nb6 {[%clk 01:22:54]} {[%emt
00:03:12]} 12. Nxe7+ {[%clk 01:26:10]} {[%emt 00:01:43]} Qxe7 {[%clk 01:22:58]}
{[%emt 00:00:27]} 13. Nf3 {[%clk 01:26:08]} {[%emt 00:00:32]} a5 {[%clk
01:21:56]} {[%emt 00:01:32]} 14. Ne5 {[%clk 01:23:27]} {[%emt 00:03:10]} Nfd7
{[%clk 01:17:33]} {[%emt 00:04:48]} 15. Rf3 {[%clk 01:21:41]} {[%emt 00:02:20]}
f6 {[%clk 01:17:06]} {[%emt 00:00:58]} 16. Nxd7 {[%clk 01:21:15]} {[%emt
00:00:56]} Qxd7 {[%clk 01:17:24]} {[%emt 00:00:12]} 17. Rg3 {[%clk 01:20:54]}
{[%emt 00:00:52]} a4 {[%clk 01:16:05]} {[%emt 00:01:49]} 18. Bg4 {[%clk
01:17:56]} {[%emt 00:03:28]} Bxg4 {[%clk 01:14:10]} {[%emt 00:02:23]} 19. Qxg4
{[%clk 01:17:56]} {[%emt 00:00:32]} Rf7 {[%clk 01:13:18]} {[%emt 00:01:22]} 20.
Qh4 {[%clk 01:16:20]} {[%emt 00:02:05]} Raf8 {[%clk 01:10:49]} {[%emt
00:02:36]} 21. Rh3 {[%clk 01:15:25]} {[%emt 00:01:49]} g6 {[%clk 01:09:36]}
{[%emt 00:01:40]} 22. Rf1 {[%clk 01:14:08]} {[%emt 00:01:50]} Qe7 {[%clk
01:09:12]} {[%emt 00:00:53]} 23. Rff3 {[%clk 01:12:53]} {[%emt 00:01:45]} b4
{[%clk 01:06:21]} {[%emt 00:03:21]} 24. Rhg3 {[%clk 01:07:09]} {[%emt
00:06:15]} a3 {[%clk 01:03:51]} {[%emt 00:03:00]} 25. Bc1 {[%clk 01:06:19]}
{[%emt 00:01:19]} Rg7 {[%clk 01:01:54]} {[%emt 00:02:28]} 26. Qh6 {[%clk
01:04:00]} {[%emt 00:02:48]} Nd7 {[%clk 01:00:49]} {[%emt 00:01:34]} 27. Bd2
{[%clk 01:02:07]} {[%emt 00:02:25]} e5 {[%clk 00:59:42]} {[%emt 00:01:37]} 28.
f5 {[%clk 01:01:13]} {[%emt 00:01:24]} e4 {[%clk 00:58:19]} {[%emt 00:01:51]}
29. Rf4 {[%clk 00:59:10]} {[%emt 00:02:34]} g5 {[%clk 00:57:49]} {[%emt
00:01:00]} 30. Rfg4 {[%clk 00:59:23]} {[%emt 00:00:17]} Ne5 {[%clk 00:57:46]}
{[%emt 00:00:34]} 31. h4 {[%clk 00:57:40]} {[%emt 00:02:12]} Nxg4 {[%clk
00:57:24]} {[%emt 00:00:52]} 32. Rxg4 {[%clk 00:57:57]} {[%emt 00:00:13]} gxh4
{[%clk 00:57:15]} {[%emt 00:00:39]} 33. Rxh4 {[%clk 00:57:27]} {[%emt
00:01:01]} Qe5 {[%clk 00:57:24]} {[%emt 00:00:21]} 34. Qh5 {[%clk 00:53:08]}
{[%emt 00:04:47]} Qa1+ {[%clk 00:56:36]} {[%emt 00:01:20]} 35. Kh2 {[%clk
00:52:13]} {[%emt 00:01:24]} Qxa2 {[%clk 00:55:48]} {[%emt 00:01:18]} 36. Rg4
{[%clk 00:51:49]} {[%emt 00:00:54]} Qxc2 {[%clk 00:54:46]} {[%emt 00:01:31]}
37. Rxg7+ {[%clk 00:51:18]} {[%emt 00:01:02]} Kxg7 {[%clk 00:51:51]} {[%emt
00:03:25]} 38. Qg4+ {[%clk 00:48:25]} {[%emt 00:03:24]} Kh8 {[%clk 00:52:03]}
{[%emt 00:00:16]} 39. Be1 {[%clk 00:48:33]} {[%emt 00:00:23]} a2 {[%emt
00:00:36]} 40. Bh4 {[%clk 00:48:30]} {[%emt 00:00:30]} a1=Q {[%emt 00:00:52]}
41. Qh5 {[%clk 00:45:36]} {[%emt 00:03:19]} Qab2 {[%clk 00:50:42]} {[%emt
00:01:30]} 0-1

[Event "ODJM C 2024"]
[Site "Willingen GER"]
[Date "2024.05.19"]
[Round "1"]
[White "Margaryan, Mari"]
[Black "Hantke, Karl"]
[Result "0-1"]
[Termination "normal"]
[Board "10"]
[WhiteElo "1070"]
[BlackElo "1555"]
[WhiteClock "00:20:48"]
[BlackClock "00:53:11"]
[PlyCount "114"]
[WhiteFideId "16279700"]
[BlackFideId "34640827"]
[EventCountry "GER"]
[EventRounds "9"]
[EventType "swiss"]
[EventDate "2024.05.18"]

1. d4 {[%clk 01:30:57]} {[%emt 00:00:02]} e6 {[%clk 01:30:52]} {[%emt
00:00:08]} 2. c4 {[%clk 01:30:20]} {[%emt 00:01:07]} Nf6 {[%clk 01:31:14]}
{[%emt 00:00:09]} 3. Nc3 {[%clk 01:30:40]} {[%emt 00:00:10]} b6 {[%clk
01:31:00]} {[%emt 00:00:44]} 4. Bf4 {[%clk 01:28:39]} {[%emt 00:02:31]} Bb4
{[%clk 01:30:19]} {[%emt 00:01:12]} 5. Qb3 {[%clk 01:27:18]} {[%emt 00:01:50]}
Bxc3+ {[%clk 01:28:59]} {[%emt 00:01:50]} 6. Qxc3 {[%clk 01:27:38]} {[%emt
00:00:10]} Bb7 {[%clk 01:29:14]} {[%emt 00:00:14]} 7. Qg3 {[%clk 01:25:28]}
{[%emt 00:02:39]} d6 {[%clk 01:25:15]} {[%emt 00:04:31]} 8. Nf3 {[%clk
01:21:19]} {[%emt 00:04:39]} g6 {[%clk 01:23:28]} {[%emt 00:02:17]} 9. Rc1
{[%clk 01:16:52]} {[%emt 00:04:57]} Nh5 {[%clk 01:22:00]} {[%emt 00:01:58]} 10.
Qg5 {[%clk 01:11:20]} {[%emt 00:06:01]} Nxf4 {[%clk 01:22:08]} {[%emt
00:00:23]} 11. Qxf4 {[%clk 01:11:27]} {[%emt 00:00:23]} Nd7 {[%clk 01:21:54]}
{[%emt 00:00:44]} 12. b4 {[%clk 01:04:18]} {[%emt 00:07:39]} Qe7 {[%clk
01:20:13]} {[%emt 00:02:10]} 13. Rc3 {[%clk 01:02:05]} {[%emt 00:02:43]} O-O
{[%clk 01:15:43]} {[%emt 00:05:00]} 14. Qh6 {[%clk 00:56:12]} {[%emt 00:06:24]}
f6 {[%clk 01:13:02]} {[%emt 00:03:10]} 15. h4 {[%clk 00:55:09]} {[%emt
00:01:32]} c5 {[%clk 01:11:14]} {[%emt 00:02:20]} 16. bxc5 {[%clk 00:51:06]}
{[%emt 00:04:33]} dxc5 {[%clk 01:11:30]} {[%emt 00:00:13]} 17. Qe3 {[%clk
00:47:39]} {[%emt 00:03:58]} cxd4 {[%clk 01:11:12]} {[%emt 00:00:48]} 18. Nxd4
{[%clk 00:46:16]} {[%emt 00:01:53]} Nc5 {[%clk 01:09:07]} {[%emt 00:02:35]} 19.
f4 {[%clk 00:41:36]} {[%emt 00:05:09]} Rae8 {[%clk 01:04:47]} {[%emt 00:04:51]}
20. Rh3 {[%clk 00:38:24]} {[%emt 00:03:41]} Qf7 {[%clk 01:02:41]} {[%emt
00:02:36]} 21. Nb5 {[%clk 00:38:14]} {[%emt 00:00:41]} Qe7 {[%clk 00:58:33]}
{[%emt 00:04:38]} 22. Nxa7 {[%clk 00:37:20]} {[%emt 00:01:24]} Bxg2 {[%clk
00:57:36]} {[%emt 00:01:27]} 23. Bxg2 {[%clk 00:36:49]} {[%emt 00:01:00]} Qxa7
{[%clk 00:57:57]} {[%emt 00:00:09]} 24. Bc6 {[%clk 00:36:14]} {[%emt 00:01:05]}
Re7 {[%clk 00:57:35]} {[%emt 00:00:51]} 25. a3 {[%clk 00:35:25]} {[%emt
00:01:20]} e5 {[%clk 00:56:46]} {[%emt 00:01:20]} 26. f5 {[%clk 00:31:43]}
{[%emt 00:04:11]} gxf5 {[%clk 00:55:49]} {[%emt 00:01:27]} 27. Rg3+ {[%clk
00:31:05]} {[%emt 00:01:08]} Rg7 {[%clk 00:56:03]} {[%emt 00:00:16]} 28. Bd5+
{[%clk 00:30:40]} {[%emt 00:00:54]} Kh8 {[%clk 00:56:16]} {[%emt 00:00:18]} 29.
Rxg7 {[%clk 00:30:37]} {[%emt 00:00:34]} Qxg7 {[%clk 00:56:11]} {[%emt
00:00:34]} 30. Qf2 {[%clk 00:27:39]} {[%emt 00:03:28]} f4 {[%clk 00:55:16]}
{[%emt 00:01:25]} 31. e3 {[%clk 00:26:10]} {[%emt 00:01:59]} fxe3 {[%clk
00:53:48]} {[%emt 00:01:58]} 32. Rxe3 {[%clk 00:26:25]} {[%emt 00:00:15]} Qg6
{[%clk 00:53:23]} {[%emt 00:00:54]} 33. Qb2 {[%clk 00:22:03]} {[%emt 00:04:53]}
Nd3+ {[%clk 00:53:02]} {[%emt 00:00:51]} 34. Rxd3 {[%clk 00:21:13]} {[%emt
00:01:20]} Qxd3 {[%clk 00:53:25]} {[%emt 00:00:07]} 35. Qb4 {[%clk 00:21:04]}
{[%emt 00:00:40]} Qe3+ {[%clk 00:52:57]} {[%emt 00:00:57]} 36. Kd1 {[%clk
00:21:05]} {[%emt 00:00:28]} Qc5 {[%clk 00:53:18]} {[%emt 00:00:10]} 37. Qa4
{[%clk 00:20:21]} {[%emt 00:01:13]} b5 {[%clk 00:51:02]} {[%emt 00:02:47]} 38.
Qxb5 {[%clk 00:18:50]} {[%emt 00:02:01]} Qxb5 {[%clk 00:49:27]} {[%emt
00:02:06]} 39. cxb5 {[%clk 00:19:13]} {[%emt 00:00:07]} Rd8 {[%clk 00:49:48]}
{[%emt 00:00:08]} 40. Kc2 {[%clk 00:19:04]} {[%emt 00:00:39]} Rxd5 {[%clk
00:50:06]} {[%emt 00:00:12]} 41. a4 {[%clk 00:19:12]} {[%emt 00:00:22]} e4
{[%clk 00:50:19]} {[%emt 00:00:17]} 42. b6 {[%clk 00:19:12]} {[%emt 00:00:30]}
e3 {[%clk 00:49:48]} {[%emt 00:01:01]} 43. b7 {[%clk 00:19:11]} {[%emt
00:00:30]} Rd8 {[%clk 00:50:09]} {[%emt 00:00:09]} 44. a5 {[%clk 00:19:15]}
{[%emt 00:00:27]} e2 {[%clk 00:50:10]} {[%emt 00:00:29]} 45. a6 {[%clk
00:19:16]} {[%emt 00:00:29]} e1=Q {[%clk 00:50:22]} {[%emt 00:00:17]} 46. a7
{[%clk 00:19:31]} {[%emt 00:00:17]} Qd2+ {[%clk 00:50:37]} {[%emt 00:00:14]}
47. Kb3 {[%clk 00:19:32]} {[%emt 00:00:27]} Rd3+ {[%clk 00:50:49]} {[%emt
00:00:20]} 48. Kc4 {[%clk 00:19:37]} {[%emt 00:00:23]} Qc3+ {[%clk 00:51:08]}
{[%emt 00:00:12]} 49. Kb5 {[%clk 00:19:56]} {[%emt 00:00:12]} Qb3+ {[%clk
00:50:57]} {[%emt 00:00:41]} 50. Kc6 {[%clk 00:19:43]} {[%emt 00:00:43]} Rc3+
{[%clk 00:51:18]} {[%emt 00:00:09]} 51. Kd7 {[%clk 00:19:48]} {[%emt 00:00:24]}
Qxb7+ {[%clk 00:51:35]} {[%emt 00:00:13]} 52. Ke6 {[%clk 00:19:56]} {[%emt
00:00:23]} Rc6+ {[%clk 00:51:46]} {[%emt 00:00:20]} 53. Kf5 {[%clk 00:19:54]}
{[%emt 00:00:31]} Qb5+ {[%clk 00:52:03]} {[%emt 00:00:14]} 54. Ke4 {[%clk
00:20:01]} {[%emt 00:00:22]} Rc4+ {[%clk 00:52:26]} {[%emt 00:00:07]} 55. Kd3
{[%clk 00:20:09]} {[%emt 00:00:21]} Qb3+ {[%clk 00:52:47]} {[%emt 00:00:10]}
56. Kd2 {[%clk 00:20:29]} {[%emt 00:00:10]} Rc2+ {[%clk 00:53:11]} {[%emt
00:00:07]} 57. Kd1 {[%clk 00:20:48]} {[%emt 00:00:10]} Qb1# {[%emt 00:00:26]}
0-1

[Event "ODJM C 2024"]
[Site "Willingen GER"]
[Date "2024.05.19"]
[Round "1"]
[White "Rose, Elias Bernd"]
[Black "Pawlus, Daniel"]
[Result "1-0"]
[Termination "normal"]
[Board "11"]
[WhiteElo "1292"]
[BlackElo "1060"]
[WhiteClock "00:58:14"]
[BlackClock "01:04:35"]
[PlyCount "41"]
[WhiteFideId "34665730"]
[BlackFideId "34672320"]
[EventCountry "GER"]
[EventRounds "9"]
[EventType "swiss"]
[EventDate "2024.05.18"]

1. e4 {[%clk 01:30:48]} {[%emt 00:00:11]} c5 {[%clk 01:30:32]} {[%emt
00:00:29]} 2. Nf3 {[%clk 01:31:03]} {[%emt 00:00:14]} g6 {[%clk 01:30:09]}
{[%emt 00:00:53]} 3. c3 {[%clk 01:28:00]} {[%emt 00:03:34]} Bg7 {[%clk
01:25:50]} {[%emt 00:04:49]} 4. d4 {[%clk 01:26:59]} {[%emt 00:01:31]} cxd4
{[%clk 01:24:23]} {[%emt 00:01:57]} 5. cxd4 {[%clk 01:26:31]} {[%emt 00:00:58]}
Nc6 {[%clk 01:22:04]} {[%emt 00:02:49]} 6. Nc3 {[%clk 01:25:06]} {[%emt
00:01:54]} e5 {[%clk 01:15:41]} {[%emt 00:06:52]} 7. d5 {[%clk 01:17:55]}
{[%emt 00:07:43]} Nd4 {[%clk 01:14:15]} {[%emt 00:01:55]} 8. Nxd4 {[%clk
01:14:14]} {[%emt 00:04:11]} exd4 {[%clk 01:13:45]} {[%emt 00:00:57]} 9. Nb5
{[%clk 01:11:15]} {[%emt 00:03:32]} Qb6 {[%clk 01:12:19]} {[%emt 00:01:56]} 10.
d6 {[%clk 01:10:00]} {[%emt 00:01:45]} Rb8 {[%clk 01:10:29]} {[%emt 00:02:20]}
11. f4 {[%clk 01:06:48]} {[%emt 00:03:43]} a6 {[%clk 01:08:52]} {[%emt
00:02:06]} 12. Nc7+ {[%clk 01:06:21]} {[%emt 00:00:58]} Kd8 {[%clk 01:09:02]}
{[%emt 00:00:18]} 13. e5 {[%clk 01:06:39]} {[%emt 00:00:13]} Nh6 {[%clk
01:06:42]} {[%emt 00:02:49]} 14. Bd3 {[%clk 01:04:47]} {[%emt 00:02:23]} Qc5
{[%clk 01:05:19]} {[%emt 00:01:47]} 15. Bd2 {[%clk 01:00:52]} {[%emt 00:04:31]}
Bxe5 {[%clk 01:04:17]} {[%emt 00:01:32]} 16. fxe5 {[%clk 00:58:02]} {[%emt
00:03:21]} Qxe5+ {[%clk 01:04:38]} {[%emt 00:00:08]} 17. Qe2 {[%clk 00:58:23]}
{[%emt 00:00:08]} Qxe2+ {[%clk 01:04:38]} {[%emt 00:00:31]} 18. Bxe2 {[%clk
00:58:43]} {[%emt 00:00:10]} Nf5 {[%clk 01:04:32]} {[%emt 00:00:35]} 19. Bg5+
{[%clk 00:58:45]} {[%emt 00:00:29]} f6 {[%clk 01:04:07]} {[%emt 00:00:54]} 20.
Bxf6+ {[%clk 00:58:31]} {[%emt 00:00:45]} Ne7 {[%clk 01:04:35]} {[%emt
00:00:02]} 21. Bxe7# {[%clk 00:58:14]} {[%emt 00:00:15]} 1-0